Letters on Yoga / (Record no. 64078)

MARC details
000 -LEADER
fixed length control field 00555nam a22001577a 4500
005 - DATE AND TIME OF LATEST TRANSACTION
control field 20120316153137.0
020 ## - INTERNATIONAL STANDARD BOOK NUMBER
International Standard Book Number 8170580099
Terms of availability 00.00
035 ## - SYSTEM CONTROL NUMBER
System control number A-415701
037 ## - SOURCE OF ACQUISITION
Stock number DPL
Source of stock number/acquisition ENG
245 ## - TITLE STATEMENT
Title Letters on Yoga /
Statement of responsibility, etc by Sri Aurobindo
250 ## - EDITION STATEMENT
Edition statement Part four
260 ## - PUBLICATION, DISTRIBUTION, ETC. (IMPRINT)
Place of publication, distribution, etc Pondicherry
Name of publisher, distributor, etc Sri Aurobindo Ashram
Date of publication, distribution, etc 1988
300 ## - PHYSICAL DESCRIPTION
Extent 1808p.
Dimensions 18 cms.
942 ## - ADDED ENTRY ELEMENTS (KOHA)
Source of classification or shelving scheme Dewey Decimal Classification
Item type English Books
Classification part 181.432
Call number suffix AUR
Holdings
Withdrawn status Lost status Not for loan Collection code Home library Current library Date acquired Cost, normal purchase price Full call number Barcode Cost, replacement price Koha item type
      Non-fiction Sarojini Nagar Sarojini Nagar 16/03/2012 0.00 181.432 AUR A-415701 0.00 English Books

© Delhi Public Library
Hit Counter
free hit counter